000 00254nam a2200085Ia 4500
005 20250424112913.0
008 250424s9999 xx 000 0 und d
650 _aBiology, Experimental--Nigeria--Periodicals. Biology, Experimental--Periodicals.
942 _cSR
999 _c37794
_d37794